<?xml version='1.0' encoding='UTF-8'?>
  <record xmlns="http://www.loc.gov/MARC21/slim">
    <leader>00000ctm a22000007a 4500</leader>
    <controlfield tag="001">ocn965420530</controlfield>
    <controlfield tag="003">OCoLC</controlfield>
    <controlfield tag="005">20250622001439.8</controlfield>
    <controlfield tag="008">150603q1495    xx            000 0 lat d</controlfield>
    <datafield tag="040" ind1=" " ind2=" ">
      <subfield code="a">QGJ</subfield>
      <subfield code="b">dut</subfield>
      <subfield code="c">QGJ</subfield>
      <subfield code="d">QGJ</subfield>
      <subfield code="d">OCLCL</subfield>
      <subfield code="d">OCLCQ</subfield>
    </datafield>
    <datafield tag="035" ind1=" " ind2=" ">
      <subfield code="a">(OCoLC)965420530</subfield>
    </datafield>
    <datafield tag="245" ind1="0" ind2="0">
      <subfield code="a">Breviarium.</subfield>
      <subfield code="f">UBU Hs. 15 C 10.</subfield>
    </datafield>
    <datafield tag="260" ind1=" " ind2=" ">
      <subfield code="a">[Nothern Netherlands (Utrecht (?))] :</subfield>
      <subfield code="b">[Brigittines],</subfield>
      <subfield code="c">1495.</subfield>
    </datafield>
    <datafield tag="300" ind1=" " ind2=" ">
      <subfield code="a">195 fols. :</subfield>
      <subfield code="b">historiated initial, decorated initials with border decoration, engraving pasted on an inserted leaf with border decoration ;</subfield>
      <subfield code="c">193 x 131 mm.</subfield>
    </datafield>
    <datafield tag="336" ind1=" " ind2=" ">
      <subfield code="a">text</subfield>
      <subfield code="b">txt</subfield>
      <subfield code="2">rdacontent</subfield>
    </datafield>
    <datafield tag="337" ind1=" " ind2=" ">
      <subfield code="a">unmediated</subfield>
      <subfield code="b">n</subfield>
      <subfield code="2">rdamedia</subfield>
    </datafield>
    <datafield tag="338" ind1=" " ind2=" ">
      <subfield code="a">volume</subfield>
      <subfield code="b">nc</subfield>
      <subfield code="2">rdacarrier</subfield>
    </datafield>
    <datafield tag="340" ind1=" " ind2=" ">
      <subfield code="a">parchment</subfield>
      <subfield code="k">1 column, 23 lines, littera textualis.</subfield>
    </datafield>
    <datafield tag="500" ind1=" " ind2=" ">
      <subfield code="a">Preliminary title.</subfield>
    </datafield>
    <datafield tag="500" ind1=" " ind2=" ">
      <subfield code="a">According to a note in the manuscript, it was commissioned by Margriete van Harrelaer in 1495.</subfield>
    </datafield>
    <datafield tag="500" ind1=" " ind2=" ">
      <subfield code="a">The manuscript can be connected to the Birgittines on the base of the calendar. It belonged either to the Birgittines of Utrecht (CMD-NL 2, no. 735a) or to those of Rosmalen (Sander Olsen 1995).</subfield>
    </datafield>
    <datafield tag="524" ind1=" " ind2=" ">
      <subfield code="a">Cite as: Universiteitsbibliotheek Utrecht Hs. 15 C 10.</subfield>
    </datafield>
    <datafield tag="563" ind1=" " ind2=" ">
      <subfield code="a">Dark brown calf over wooden boards, tooled in blind, with four panel-stamps on both sides, one of which is signed: "Reynerus Pauli traiecten." .</subfield>
    </datafield>
    <datafield tag="581" ind1=" " ind2=" ">
      <subfield code="a">M. van Sluijs, Universiteitsbibliotheek Utrecht, Hs. 15 C 10 [S.l.] 1984. p. 1-9.</subfield>
    </datafield>
    <datafield tag="581" ind1=" " ind2=" ">
      <subfield code="a">J.P. Gumbert, Manuscrits datés conservés dans les Pays-Bas. Vol. 2: Les manuscrits d'origine néerlandaise (XIVe-XVIe siècles) et Suppl. au tome premier. Leiden etc. 1988. P. 219 nr. 735a, pl. 601.</subfield>
    </datafield>
    <datafield tag="581" ind1=" " ind2=" ">
      <subfield code="a">K. van der Horst, Illuminated and decorated medieval manuscripts in the University Library, Utrecht. An illustrated catalogue. Maarssen / 's-Gravenhage 1989. P. 34 nr. 125, afb. 559-561.</subfield>
    </datafield>
    <datafield tag="581" ind1=" " ind2=" ">
      <subfield code="a">U. Sander Olsen,'Handschriften uit het Birgittinessenklooster Mariënwater te Rosmalen bij 's Hertogenbosch', in: Serta devota. In memoriam Guillelmi Lourdaux. Leuven 1995, P. 225-254. (= Mediaevalia Lovaniensia Ser. 1, 21, II. Cultura mediaevalis).‍</subfield>
    </datafield>
    <datafield tag="581" ind1=" " ind2=" ">
      <subfield code="a">K. Broekhuijsen, De zwarte-ogen-meesters. Een onderzoek naar de stijl en iconografie van een groep Noordnederlandse miniaturisten rond 1500. Dissertatie GU Amsterdam. [s.l.] 1997. P. 34-35, 78, 80, 122.</subfield>
    </datafield>
    <datafield tag="581" ind1=" " ind2=" ">
      <subfield code="a">K.H. Broekhuijsen, The masters of the dark eyes. Late medieval manuscript painting in Holland. Turnhout 2009. (= Ars nova 10). P. 19, 45-46, 72, p. 206-207 nr. 49.</subfield>
    </datafield>
    <datafield tag="541" ind1=" " ind2=" ">
      <subfield code="a">A.L. van Gendt &amp; Co;</subfield>
      <subfield code="b">Amsterdam;</subfield>
      <subfield code="c">Purchase;</subfield>
      <subfield code="d">19770920;</subfield>
      <subfield code="e">Nr. 491.</subfield>
      <subfield code="5">NL-UtRU</subfield>
    </datafield>
    <datafield tag="655" ind1=" " ind2="7">
      <subfield code="a">Handschriften (vorm)</subfield>
      <subfield code="0">088143309</subfield>
      <subfield code="2">gtt</subfield>
    </datafield>
    <datafield tag="700" ind1="1" ind2=" ">
      <subfield code="a">Harrelaer, Margrite van,</subfield>
      <subfield code="e">patron,</subfield>
      <subfield code="e">former owner.</subfield>
      <subfield code="4">pat</subfield>
      <subfield code="4">fmo</subfield>
    </datafield>
    <datafield tag="700" ind1="0" ind2=" ">
      <subfield code="a">Reynerus Pauli,</subfield>
      <subfield code="e">binder.</subfield>
      <subfield code="4">bnd</subfield>
      <subfield code="5">NL-UtRU</subfield>
    </datafield>
    <datafield tag="700" ind1="1" ind2=" ">
      <subfield code="a">Wakeham, Anthony.</subfield>
      <subfield code="e">former owner,</subfield>
      <subfield code="4">fmo</subfield>
      <subfield code="5">NL-UtRU</subfield>
    </datafield>
    <datafield tag="710" ind1="2" ind2=" ">
      <subfield code="a">St. Brigittenklooster (Utrecht)</subfield>
      <subfield code="e">former owner.</subfield>
      <subfield code="4">fmo</subfield>
      <subfield code="5">NL-UtRU</subfield>
    </datafield>
    <datafield tag="710" ind1="2" ind2=" ">
      <subfield code="a">St. Brigittenklooster Marienwater Koudewater (Rosmalen)</subfield>
      <subfield code="e">former owner.</subfield>
      <subfield code="4">fmo</subfield>
      <subfield code="5">NL-UtRU</subfield>
    </datafield>
    <datafield tag="710" ind1="2" ind2=" ">
      <subfield code="a">York Minster Library (York)</subfield>
      <subfield code="e">former owner.</subfield>
      <subfield code="4">fmo</subfield>
      <subfield code="5">NL-UtRU</subfield>
    </datafield>
    <datafield tag="758" ind1=" " ind2=" ">
      <subfield code="a">Breviarium UBU Hs. 15 C 10 (Text)</subfield>
      <subfield code="1">https://id.oclc.org/worldcat/entity/E39PCXPbFmCW4rfXGPk34fKwyb</subfield>
      <subfield code="4">https://id.oclc.org/worldcat/ontology/hasWork</subfield>
    </datafield>
    <datafield tag="856" ind1="4" ind2="1">
      <subfield code="u">http://objects.library.uu.nl/reader/resolver.php?obj=002660344&amp;type=2</subfield>
      <subfield code="x">Online</subfield>
      <subfield code="z">Full Text</subfield>
    </datafield>
    <datafield tag="936" ind1=" " ind2=" ">
      <subfield code="a">BATCHLOAD</subfield>
    </datafield>
  </record>